Populações meridionais do Brasil / (Record no. 1298)

MARC details
000 -LÍDER
Campo Fixo de Controle 00789nam a2200241 a 4500
001 - NÚMERO DE CONTROLE
Campo de Controle 1298
003 - IDENTIFICAÇÃO DO NÚMERO DE CONTROLE
Campo de Controle BR-CuiBMT
005 - DATA E HORA DA ÚLTIMA ATUALIZAÇÃO
Campo de Controle 20231207233846.0
008 - DADOS FIXOS
Dados Fixos 231204s2005 dfb 001 0 por d
040 ## - AGÊNCIA CATALOGADORA
Código da Agência Catalogadora BR-CuiBMT
Agência que transcreveu o registro BR-CuiBMT
080 ## - Nº DA CLASSIFICAÇÃO DECIMAL UNIVERSAL
Nº Class. CDU 316.334.56
Nº edição CDU 2007
090 ## - NÚMERO DE CHAMADA
Nº classificação 316.334.56
Cutter V614p
100 1# - ENTRADA PRINCIPAL -- AUTOR PESSOAL
Nome pessoal Viana, Oliveira,
Datas associadas ao nome 1883-1951
245 10 - TÍTULO PRINCIPAL
Título principal Populações meridionais do Brasil /
Indicação de responsabilidade Oliveira Viana.
260 ## - PUBLICAÇÃO, DISTRIBUIÇÃO, ETC.
Local de publicação Brasília :
Editora Senado Federal,
Data 2005.
300 ## - DESCRIÇÃO FÍSICA
N. páginas ou volumes 422 p. ;
Dimensões 23 cm
490 1# - INDICAÇÃO DE SÉRIE
Título da série Edições do Senado Federal ;
Volume/designação sequencial da série v. 27
504 ## - NOTA DE BIBLIOGRAFIA, ETC.
Nota de bibliografia Inclui bibliografia e índice.
650 ## - ASSUNTO TÓPICO
Cabeçalho tópico ou nome geográfico Sociologia rural
Subdivisão geográfica Brasil, Região Sudeste
650 ## - ASSUNTO TÓPICO
Cabeçalho tópico ou nome geográfico População rural
Subdivisão geral Aspectos políticos
Subdivisão geográfica Brasil, Região Sudeste
830 #0 - ENTRADA SECUNDÁRIA DE SÉRIE -- TÍTULO UNIFORME
Título uniforme Edições do Senado Federal ;
Nº do volume/designação sequencial da série 27
942 ## - ELEMENTOS DE ENTRADA ADICIONAIS (KOHA)
Fonte de classificação ou esquema de arquivamento Classificação Decimal Universal
Tipo de item do Koha Livros
Holdings
Estado: removido Estado: perdido Fonte de classificação ou esquema de arquivamento Estado: danificado Indisponível para empréstimo Localização permanente Localização atual Data de aquisição Total Checkouts Número de Chamada completo Código de barras Date last seen Número do exemplar Preço efetivo a partir de Tipo de item (Koha)
    Classificação Decimal Universal     Biblioteca da Escola Superior de Contas do TCE/MT Biblioteca da Escola Superior de Contas do TCE/MT 04/12/2023   316.334.56 V614p BIBTCEMT23120123 04/12/2023 Ex. 1 04/12/2023 Livros

Powered by Koha